Biblioteca

Ezekiel (Registro nro. 46918)

Detalles MARC
000 -LÍDER
Campo fijo de descripción fija 01778aam a2200349 i 4500
001 - NÚMERO DE CONTROL
Campo de control 768714001
003 - IDENTIFICADOR DEL NÚMERO DE CONTROL
Campo de control CO-MdFUSB
005 - FECHA Y HORA DE LA ULTIMA TRANSACCIÓN
control field 20220504163641.0
007 - CAMPO FIJO DE DESCRIPCIÓN FIJA--INFORMACIÓN GENERAL
Campo fijo de descripción fija ta
008 - ELEMENTOS DE LONGITUD FIJA -- INFORMACIÓN GENERAL
Campo fijo de descripción fija -- Información general 160907t -us |||| |||| 00| 0 eng d
020 ## - NÚMERO INTERNACIONAL NORMALIZADO PARA LIBROS
Número Internacional Normalizado del libro 9781587431661
040 ## - FUENTE DE CATALOGACIÓN
Agencia que realiza la transcripción CO-MdFUSB
Agencia que realiza la modificación CO-MdFUSB
Agencia de catalogación original CO-MdFUSB
Idioma de catalogación spa
Convenciones de la descripción rda
041 0# - CÓDIGO DE IDIOMA
Código de idioma para texto/pista de sonido o título separado eng
082 ## - NÚMERO DE CLASIFICACIÓN DECIMAL DEWEY
Número de la edición del Dewey 24
Número de clasificación R 220.77
Clave de autor-Numero de item B827b
100 1# - ASIENTO PRINCIPAL--NOMBRE PERSONAL
Nombre personal Jenson, Robert W.
Término relacionador autor
245 1# - TÍTULO
Título del Material Ezekiel
Mención de responsabilidad, etc. / Robert W. Jenson
264 #1 - PRODUCCIÓN, PUBLICACIÓN, DISTRIBUCIÓN, MANUFACTURA, Y COPYRIGHT
Lugar de producción, publicación, distribución, manufactura Grand Rapids, Michigan :
Nombre del productor, publicador, distribuidor Brazos Press,
Fecha de producción, publicación, distribución, manufactura, o copyright [2009]
264 #4 - PRODUCCIÓN, PUBLICACIÓN, DISTRIBUCIÓN, MANUFACTURA, Y COPYRIGHT
Fecha de producción, publicación, distribución, manufactura, o copyright © 2009
300 ## - DESCRIPCIÓN FÍSICA
Extensión 367 páginas
Dimensiones ; 24 cm
336 ## - TIPO DE CONTENIDO
Fuente rdacontent
Término de tipo de contenido texto
Código de tipo de contenido txt
337 ## - TIPO DE MEDIO
Fuente rdamedia
Nombre del tipo de medio sin mediación
Código del tipo de medio n
338 ## - TIPO DE SOPORTE
Fuente rdacarrier
Nombre del tipo de soporte volumen
Código Tipo de soporte nc
490 ## - MENCIÓN DE SERIE
Mención de serie Brazos Theological Commentary on the Bible
501 ## - NOTA DE “CON”
Nota de Contenido Pasta dura
520 ## - NOTA DE RESUMEN, ETC.
Nota de sumario, etc. Los pastores y líderes de la iglesia clásica, como Agustín, Calvino, Lutero y Wesley, interpretaron la Biblia teológicamente, creyendo que la Escritura como un todo testificaba del evangelio de Jesucristo. Los intérpretes modernos de la Biblia cuestionaron esta premisa. Pero en las últimas décadas, una masa crítica de teólogos y estudiosos de la Biblia ha comenzado a reafirmar la prioridad de una lectura teológica de la Escritura. El Comentario teológico de Brazos sobre la Biblia alista a destacados teólogos para leer e interpretar las Escrituras para el siglo XXI, tal como lo hicieron los padres de la iglesia, los reformadores y otros cristianos ortodoxos en su tiempo y lugar. En esta adición a la serie, el estimado teólogo Robert W. Jenson presenta una exégesis teológica de Ezequiel.
563 ## - NOTA DE ENCUADERNACIÓN
Nota de encuadernación Pasta dura
630 07 - TITULO UNIFORME
Título uniforme Biblia.
Nombre de parte o sección de la obra Ezequiel
653 ## - TÉRMINO DE INDIZACIÓN - NO CONTROLADO
Término no controlado Biblia -- Ezequiel -- Comentarios
942 ## - TIPO DE MATERIAL (KOHA)
Tipo de Item KOHA Libros de Referencia
945 ## - INFORMACIÓN LOCAL DEL REGISTRO
Catalogador JTF-925
Existencias
Estado de Material Estado de Perdido Forma de Clasificación Estado de Dañado No para Préstamo Colección Biblioteca de Origen Biblioteca Permanente Fecha de Adquisición Total de Préstamos Total de Renovaciones Signatura Topográfica Código de Barras Última vez visto Última vez Préstado Ejemplar/Existencia Fecha de Remplazo Tipo de Material Área
    Dewey Decimal Classification     Colección de Referencia Biblioteca FUSBC Biblioteca FUSBC 07/09/2016 2 1 R 220.77 B827b 20303 25/03/2025 07/05/2021 Vol. 22, ej. 1 07/09/2016 Libros de Referencia  
    Dewey Decimal Classification     Colección General Biblioteca FUSBC Biblioteca FUSBC 04/05/2022 3   G 224.407 J54e 24844 25/03/2025 20/03/2024 Ej. 1 04/05/2022 Libros General BIBLIA

Biblioteca FUSBC | Teléfono: (57+4) 349 88 10 Ext. 141| WhatsApp (+57) 3005338115 
E-mail: biblioteca@unisbc.edu.co | Calle 76 87-14 Robledo Palenque, Medellín, Colombia

Con tecnología Koha